000 00402nam a2200157Ia 4500
003 GCL
008 140319s9999 xx 000 0 eng d
040 _aGCL /
_cGCL
082 0 4 _a005.43
_bA P
100 1 _aANDERSON, LOY
245 1 0 _aPARADOX FOR WINDOWS USER S INSTANT REFERENCE /
_cANDERSON, LOY
260 _a[S.N] :
_bSYBEX ،
_c1993
300 _a288 PP
650 0 4 _aPARADOX
942 _2ddc
_cBK
999 _c17076
_d17076